[Event "Sao Paulo Sampa op"]
[Site "Sao Paulo"]
[Date "2024.02.01"]
[Round "5"]
[White "De Oliveira, Lucas Silva"]
[Black "Fernandez Barrero, Javier"]
[Result "0-1"]
[WhiteElo "1575"]
[BlackElo "1743"]
[PlyCount "80"]
[EventDate "2024.01.29"]
[EventType "swiss"]
[EventRounds "9"]
[EventCountry "BRA"]
[SourceTitle "CB06_2024"]
[SourceDate "2024.02.07"]
[SourceVersion "1"]
[SourceVersionDate "2024.02.07"]
[SourceQuality "1"]

1. d4 Nf6 2. c4 g6 3. Nf3 Bg7 4. g3 0-0 5. Bg2 d6 6. 0-0 c5 7. d5 e5 8. Nc3 Ne8 9. e4 f5 10. Qb3 f4 11. Bd2 g5 12. Ne1 h5 13. f3 b6 14. a4 a5 15. Ne2 Ra7 16. Ra3 Bh6 17. Qc2 Na6 18. Nd3 Nb4 19. Nxb4 axb4 20. Rd3 Bd7 21. b3 Qc8 22. Qc1 Bh3 23. Rf2 Rg7 24. Kh1 Kh7 25. Ng1 Bxg2+ 26. Rxg2 Nf6 27. Ne2 Rfg8 28. Kg1 g4 29. Kh1 gxf3 30. Rxf3 Nxe4 31. Qc2 Qf5 32. Kg1 Kh8 33. Bxf4 exf4 34. Nxf4 Bxf4 35. Rxf4 Qxf4 36. gxf4 Rxg2+ 37. Qxg2 Rxg2+ 38. Kxg2 Nd2 39. Kg3 Nxb3 40. Kh4 Nd4 0-1

[Event "Sao Paulo Sampa op"]
[Site "Sao Paulo"]
[Date "2024.01.31"]
[Round "4"]
[White "Santos, Abel Cardoso Dos"]
[Black "De Oliveira, Lucas Silva"]
[Result "1-0"]
[WhiteElo "1842"]
[BlackElo "1575"]
[PlyCount "67"]
[EventDate "2024.01.29"]
[EventType "swiss"]
[EventRounds "9"]
[EventCountry "BRA"]
[SourceTitle "CB06_2024"]
[SourceDate "2024.02.07"]
[SourceVersion "1"]
[SourceVersionDate "2024.02.07"]
[SourceQuality "1"]

1. e4 c5 2. Nf3 d6 3. d4 cxd4 4. Nxd4 Nf6 5. Nc3 a6 6. f3 e6 7. Be3 b5 8. Qd2 Nbd7 9. 0-0-0 Bb7 10. a3 Rc8 11. Kb1 Be7 12. g4 Nb6 13. h4 Nfd7 14. h5 Ne5 15. Qe1 Qc7 16. Bc1 Nec4 17. Rd3 d5 18. exd5 Nxd5 19. Nxd5 Bxd5 20. Qd1 b4 21. axb4 Bxb4 22. g5 Rb8 23. Nb3 a5 24. Rxd5 exd5 25. Qxd5 Rc8 26. Qb5+ Qc6 27. Bxc4 Qxb5 28. Bxb5+ Ke7 29. c3 Bd6 30. Re1+ Kd8 31. Nxa5 Kc7 32. Nc4 Rhd8 33. Nxd6 Rxd6 34. Bf4 1-0